000 00769nam a2200241Ia 4500
003 BUBTL
008 151213s9999 xx 000 0 und d
041 _aবাংলা ও ইংরেজি
050 _a
082 _a346.022/ N14l/ 2008
100 _aনাহার, কামরুন
_95517
245 _aচুক্তি আইন/
_cকামরুন নাহার
250 _a১ম সং
260 _aঢাকা
_b’ল’ বুক প্যাভিলিয়ন
_cc2008
300 _a[xviii], 412p. :
_bill. 21 cm.
526 _aLaw
650 _aLaw
650 _a
700 _aকামরুন নাহার
_95518
856 _k0
_l0
_yDownload
942 _2ddc
_cBK
999 _c3156
_d3156